000 00705nam a2200265Ia 4500
005 20260306164509.0
008 008 260114s9999 xx 000 0 eng d
020 _a9780190626228
037 _aEBOOK
040 _aCRL
040 _beng
040 _cCRL
041 _2eng
041 _aeng
084 _qCRL
100 _aDavid G. Mayes, Pierre L. Siklos, Jan-egbert Sturm
_91130893
245 4 _aThe Oxford Handbook Of The Economics Of Central Banking
260 _bOxford University Press
260 _c2019
650 _aBusiness Economics & Finance
856 _uhttps://academic.oup.com/edited-volume/34678
942 _cEBOOK
999 _c1714291
_d1714291